000 00664nam a2200241Ia 4500
003 OSt
005 20221005040019.0
006 a|||||r|||| 00| 0
007 ta
008 221004b |||||||| |||| 00| 0 eng d
024 _a23313
037 _cTextual
040 _aCRL
_cCRL
_beng
041 _2eng
_aeng
082 _aO15,2:gN, 111L1.1
100 _aSatyavrat Usha
245 0 _aSanskrit dramas of the twentieth century
260 _aDelhi
_bMeharchand Lachhmandas India
_c1971
300 _a444p.
_ccm.
650 _aSANSKRIT LITERATURE
942 _hO15,2:gN, 111L1.1
_cTEXL
_2cc
999 _c946234
_d946234